00652cam a22001457a 4500008004000000082002400040100007500064245012300139260005000262300001300312500003700325700003000362999001900392952009500411180718b1959 xxu||||| |||| 00| 0 eng d aB835x42 Un3r/59m/20 aUnited Kingdom. Royal Commission on Local Government in Greater London aRoyal Commission on local government in Greate London: minutes of evidence 20, twentieth day, thursday, 4th June, 1959 aLondonbHer Majesty's Stationery Officec1959 aP760-791 aBound with B835x42 Un3r/59m/1-26 aHerbert, Edward, Chairman c392852d392852 00104070aIIPAbIIPAd2000-04-04oB835x42 Un3r/59m/20p20112r2018-07-21w2018-07-21yBK